[Event "TCh-SLO"]
[Site "Murska Sobota SLO"]
[Date "2008.12.12"]
[Round "7"]
[White "Solak, D."]
[Black "Kozul, Z."]
[Result "0-1"]
[WhiteElo "2595"]
[BlackElo "2593"]
[PlyCount "114"]
[EventDate "2008.12.06"]
[SourceDate "1999.07.01"]

1. c4 g6 2. Nc3 Bg7 3. d4 Nf6 4. e4 d6 5. Nf3 O-O 6. Be2 e5 7. dxe5 dxe5 8.
Qxd8 Rxd8 9. Bg5 Nbd7 10. O-O-O Rf8 11. Nd2 c6 12. Be3 Re8 13. c5 Bf8 14. b4 a5
15. a3 axb4 16. axb4 b6 17. cxb6 Bxb4 18. Kc2 c5 19. Bb5 Bxc3 20. Kxc3 Re6 21.
Bxd7 Nxd7 22. Nc4 Nxb6 23. Rd8+ Kg7 24. Nd6 Ra3+ 25. Kc2 Bd7 26. Bxc5 Ra2+ 27.
Kb3 Rd2 28. Ne8+ Rxe8 29. Rxe8 Bxe8 30. Bxb6 Re2 31. Be3 Bc6 32. Rc1 Bxe4 33.
g3 g5 34. Kb4 Kg6 35. Kc5 f5 36. Kd6 Kf6 37. Rc8 f4 38. gxf4 gxf4 39. Bc5 Rd2+
40. Kc7 Bg6 41. Rf8+ Ke6 42. Kc6 Rd3 43. Rg8 Rb3 44. Bd6 Be4+ 45. Kc5 Rc3+ 46.
Kb4 Rh3 47. Kc5 Bg6 48. Rg7 Rc3+ 49. Kb4 Rc1 50. Bc5 e4 51. Rg8 e3 52. fxe3 f3
53. Rf8 Bf7 54. Ra8 f2 55. Ra6+ Ke5 56. Bd4+ Ke4 57. Rh6 f1=Q 0-1

[Event "TCh-SLO"]
[Site "Murska Sobota SLO"]
[Date "2008.12.12"]
[Round "7"]
[White "Gyimesi, Z."]
[Black "Markus, Rob"]
[Result "1/2-1/2"]
[WhiteElo "2592"]
[BlackElo "2616"]
[PlyCount "31"]
[EventDate "2008.12.06"]
[SourceDate "1999.07.01"]

1. d4 Nf6 2. c4 d6 3. Nc3 g6 4. e4 Bg7 5. Nf3 O-O 6. Be2 e5 7. O-O c6 8. Re1
Nbd7 9. Bf1 Nb8 10. Be2 Nbd7 11. Bf1 Qe7 12. Rb1 a5 13. d5 Nc5 14. b3 Bd7 15.
Ba3 b6 16. Nd2 1/2-1/2

[Event "TCh-SLO"]
[Site "Murska Sobota SLO"]
[Date "2008.12.14"]
[Round "9"]
[White "Ivanisevic, I."]
[Black "Markus, Rob"]
[Result "1-0"]
[WhiteElo "2658"]
[BlackElo "2616"]
[PlyCount "55"]
[EventDate "2008.12.06"]
[SourceDate "1999.07.01"]

1. d4 Nf6 2. c4 g6 3. Nc3 Bg7 4. e4 d6 5. Nf3 O-O 6. Be2 e5 7. Be3 Na6 8. O-O
h6 9. Ne1 Ng4 10. Bxg4 Bxg4 11. Qd2 exd4 12. Bxd4 Qg5 13. Be3 Qh4 14. Nc2 Be6
15. Bd4 f6 16. f4 c5 17. Bf2 Qh5 18. Ne3 f5 19. Qxd6 Rfe8 20. Rad1 fxe4 21.
Nxe4 g5 22. f5 Bf7 23. Nf6+ Bxf6 24. Qxf6 Re4 25. Rd7 Rae8 26. g4 Rxg4+ 27.
Nxg4 Qxg4+ 28. Bg3 1-0

[Event "34th ch-ISR"]
[Site "Haifa ISR"]
[Date "2008.12.09"]
[Round "7"]
[White "Avrukh, B."]
[Black "Smirin, I."]
[Result "1/2-1/2"]
[WhiteElo "2657"]
[BlackElo "2649"]
[PlyCount "51"]
[EventDate "2008.12.01"]
[SourceDate "1999.07.01"]

1. d4 Nf6 2. c4 g6 3. Nc3 Bg7 4. e4 d6 5. Nf3 O-O 6. Be2 e5 7. Be3 Ng4 8. Bg5
f6 9. Bh4 g5 10. Bg3 Nh6 11. d5 Nd7 12. Nd2 f5 13. exf5 Nf6 14. Bd3 Nxf5 15.
Nde4 Nxe4 16. Bxe4 Qe8 17. f3 Qh5 18. Bf2 Nh4 19. O-O g4 20. fxg4 Bxg4 21. Qc2
Ng6 22. Bxg6 hxg6 23. Be3 e4 24. Qxe4 Be5 25. Bf4 Bg7 26. Be3 1/2-1/2

[Event "GiTelecom Finals"]
[Site "ICC INT"]
[Date "2008.12.14"]
[Round "2.6"]
[White "Kovalyov, A."]
[Black "Vovk, Y."]
[Result "1-0"]
[WhiteElo "2571"]
[BlackElo "2549"]
[PlyCount "103"]
[EventDate "2008.12.14"]
[SourceDate "1999.07.01"]

1. c4 Nf6 2. Nc3 g6 3. e4 d6 4. d4 Bg7 5. Be2 O-O 6. Nf3 e5 7. Be3 Ng4 8. Bg5
f6 9. Bc1 Nc6 10. d5 Ne7 11. h3 Nh6 12. h4 Nf7 13. h5 f5 14. hxg6 Nxg6 15. Qc2
f4 16. Bd2 Ng5 17. O-O-O a6 18. Kb1 Nxf3 19. gxf3 Bd7 20. Rh2 Bf6 21. Rdh1 Rf7
22. Bf1 Rg7 23. Bh3 Nf8 24. Qd3 Bxh3 25. Rxh3 Qd7 26. Rh6 Rg6 27. R6h5 Qf7 28.
Qf1 c5 29. Qh3 Rb8 30. a4 Bd8 31. Rf5 Qg7 32. Kc2 Ba5 33. Kd3 Bxc3 34. Bxc3 b5
35. axb5 axb5 36. cxb5 Qb7 37. Kc2 Qxb5 38. Rxf8+ Kxf8 39. Qxh7 Qe2+ 40. Kc1
Qxf3 41. Qh8+ Rg8 42. Qf6+ Ke8 43. Qe6+ Kf8 44. Qxd6+ Kf7 45. Qc7+ Kg6 46. Qd6+
Kf7 47. Qd7+ Kf6 48. Qf5+ Ke7 49. Qxe5+ Kd7 50. Rh7+ Kd8 51. Qe7+ Kc8 52. Qd7#
1-0

[Event "GiTelecom Finals"]
[Site "ICC INT"]
[Date "2008.12.14"]
[Round "2.8"]
[White "Kovalyov, A."]
[Black "Vovk, Y."]
[Result "0-1"]
[WhiteElo "2571"]
[BlackElo "2549"]
[PlyCount "98"]
[EventDate "2008.12.14"]
[SourceDate "1999.07.01"]

1. c4 Nf6 2. Nc3 g6 3. e4 d6 4. d4 Bg7 5. Be2 O-O 6. Nf3 e5 7. Be3 Ng4 8. Bg5
f6 9. Bc1 Nc6 10. d5 Ne7 11. h3 Nh6 12. h4 Nf7 13. h5 f5 14. Ng5 Nxg5 15. Bxg5
h6 16. Bd2 g5 17. g4 fxg4 18. Bxg4 Bxg4 19. Qxg4 Qc8 20. Qxc8 Raxc8 21. Ke2 Rf7
22. Nd1 Rcf8 23. Rh2 Kh7 24. Ne3 Rf4 25. f3 Rxf3 26. Nf5 R8xf5 27. exf5 e4 28.
Rf1 g4 29. Rg2 Nxf5 30. Rxg4 Ng3+ 31. Rxg3 Rxg3 32. Rf7 Kg8 33. Rxc7 Bxb2 34.
Be3 Rg2+ 35. Kf1 Rc2 36. c5 Be5 37. c6 bxc6 38. dxc6 d5 39. Rc8+ Kf7 40. Bxa7
d4 41. Rd8 d3 42. a4 Rxc6 43. Be3 Ra6 44. Rd5 Ke6 45. Rb5 Rxa4 46. Rb6+ Kf5 47.
Rxh6 Kg4 48. Re6 Kf3 49. Rxe5 Ra1+ 0-1

[Event "FSGM December"]
[Site "Budapest HUN"]
[Date "2008.12.08"]
[Round "3"]
[White "Bromberger, S."]
[Black "Ilincic, Z."]
[Result "1/2-1/2"]
[WhiteElo "2504"]
[BlackElo "2542"]
[PlyCount "83"]
[EventDate "2008.12.06"]
[SourceDate "1999.07.01"]

1. d4 Nf6 2. c4 g6 3. Nc3 Bg7 4. e4 d6 5. Nf3 O-O 6. Be2 e5 7. Be3 Nbd7 8. O-O
Ng4 9. Bg5 f6 10. Bh4 Nh6 11. dxe5 dxe5 12. b4 a5 13. a3 axb4 14. axb4 Rxa1 15.
Qxa1 c6 16. Rd1 Qe7 17. c5 b6 18. Rd6 Nb8 19. Bc4+ Kh8 20. Qa2 bxc5 21. bxc5 g5
22. Bg3 Nf7 23. Bxf7 Qxf7 24. Qxf7 Rxf7 25. Na4 Rd7 26. h4 Rxd6 27. cxd6 g4 28.
Nd2 Bf8 29. Nc4 Be6 30. Nab6 Kg7 31. f4 gxf3 32. gxf3 Kf7 33. f4 exf4 34. Bxf4
Bxc4 35. Nxc4 Ke6 36. Kf2 Nd7 37. Kf3 h5 38. Na5 Ne5+ 39. Bxe5 fxe5 40. Nxc6
Kxd6 41. Nxe5 Kxe5 42. Kg2 1/2-1/2

[Event "8th Amplico AIG Life Rapid"]
[Site "Warsaw POL"]
[Date "2008.12.20"]
[Round "5"]
[White "Gustafsson, J."]
[Black "Jankovic, A."]
[Result "1-0"]
[WhiteElo "2634"]
[BlackElo "2548"]
[PlyCount "134"]
[EventDate "2008.12.20"]
[SourceDate "1999.07.01"]

1. d4 Nf6 2. c4 g6 3. Nc3 Bg7 4. e4 d6 5. Nf3 O-O 6. Be2 e5 7. O-O Na6 8. Be3
c6 9. d5 Ng4 10. Bg5 f6 11. Bd2 c5 12. Ne1 f5 13. exf5 gxf5 14. f4 exf4 15.
Bxf4 Bd4+ 16. Kh1 Ne3 17. Bxe3 Bxe3 18. Bd3 Nc7 19. Qf3 Bh6 20. Qh3 Qg5 21. Nf3
Qf6 22. Rae1 Ne8 23. Qg3+ Ng7 24. Nb5 a6 25. Nc7 f4 26. Qf2 Rb8 27. Qc2 Kh8 28.
Bxh7 b5 29. cxb5 Rb7 30. b6 Rxb6 31. b3 Rb7 32. Nxa6 Rb6 33. Nc7 Rb7 34. Na6
Rb6 35. Nxc5 dxc5 36. Bd3 Nf5 37. Qxc5 Ne3 38. Rf2 Qd6 39. b4 Nxd5 40. Ne5 Nxb4
41. Qc3 Bg7 42. Nf7+ Rxf7 43. Qxc8+ Rf8 44. Qh3+ Qh6 45. Qxh6+ Rxh6 46. Bc4 Rc6
47. Re4 Nd5 48. h3 Ne3 49. Be2 Rc1+ 50. Kh2 Bh6 51. Re6 Kg7 52. Bd3 Rf6 53.
Re7+ Kf8 54. Rxe3 Rc3 55. Ref3 Bg5 56. h4 Bxh4 57. Rxf4 Kg7 58. Rg4+ Kf8 59.
Rxf6+ Bxf6 60. Bc4 Be5+ 61. Kg1 Rc2 62. Bb3 Rd2 63. Kf1 Ke7 64. Re4 Kd6 65. Re2
Rxe2 66. Kxe2 Kc7 67. Kf3 Kd6 1-0

[Event "XXI Carlos Torre KO"]
[Site "Merida MEX"]
[Date "2008.12.19"]
[Round "3.1"]
[White "Harikrishna, P."]
[Black "Ehlvest, J."]
[Result "1-0"]
[WhiteElo "2659"]
[BlackElo "2581"]
[PlyCount "83"]
[EventDate "2008.12.17"]
[SourceDate "1999.07.01"]

1. d4 Nf6 2. c4 g6 3. Nc3 Bg7 4. e4 d6 5. Nf3 O-O 6. Be2 e5 7. Be3 Na6 8. O-O
Ng4 9. Bg5 f6 10. Bh4 Nh6 11. c5 exd4 12. Bxa6 dxc3 13. Bc4+ Kh8 14. bxc3 g5
15. Bg3 f5 16. exf5 Nxf5 17. cxd6 cxd6 18. Nd4 Nxd4 19. cxd4 Bf5 20. Bd3 Qd7
21. Rc1 h6 22. Re1 Rae8 23. Rxe8 Rxe8 24. h3 Rf8 25. Kh2 Be6 26. Be4 a6 27. d5
Bf5 28. Qd3 h5 29. Bxf5 Rxf5 30. Kg1 Rf6 31. f3 Qf5 32. Qe4 Qxe4 33. fxe4 h4
34. Bh2 g4 35. hxg4 Bh6 36. Rc3 Bd2 37. Rf3 Rg6 38. e5 dxe5 39. Bxe5+ Kg8 40.
d6 Rg5 41. d7 Ba5 42. Bd6 1-0

[Event "15th Croatian Open A"]
[Site "Zadar CRO"]
[Date "2008.12.18"]
[Round "7"]
[White "Jovanic, O."]
[Black "Jovanovic, Zo CRO"]
[Result "1-0"]
[WhiteElo "2515"]
[BlackElo "2564"]
[PlyCount "129"]
[EventDate "2008.12.14"]
[SourceDate "1999.07.01"]

1. d4 d6 2. Nf3 g6 3. c4 Bg7 4. e4 Nf6 5. Nc3 O-O 6. Be2 e5 7. Be3 c6 8. d5 Na6
9. Nd2 Nd7 10. O-O f5 11. f3 c5 12. Nb5 f4 13. Bf2 Qe7 14. a3 g5 15. b4 b6 16.
Nb3 h5 17. bxc5 Naxc5 18. a4 Nxb3 19. Qxb3 Nc5 20. Qa3 a5 21. h3 Rf6 22. Rab1
Rg6 23. Nc3 g4 24. hxg4 hxg4 25. fxg4 Qg5 26. Qa2 Bxg4 27. Bxg4 Qxg4 28. Bxc5
bxc5 29. Qe2 Qh4 30. Rf3 Rf8 31. Qd3 Qg4 32. Rb2 Rff6 33. Kf1 Rh6 34. Ne2 Rh1+
35. Ng1 Rfh6 36. Qe2 Qg6 37. Rbb3 R6h4 38. Rh3 f3 39. Rb8+ Kh7 40. Rxh4+ Rxh4
41. Nxf3 Rh1+ 42. Kf2 Qg4 43. Rb7 Ra1 44. Qc2 Qf4 45. g3 Qh6 46. Nh4 Kg8 47.
Kg2 Bf6 48. Qf2 Qc1 49. Kh3 Qh1+ 50. Kg4 Qd1+ 51. Qf3 Bxh4 52. Qxd1 Rxd1 53.
gxh4 Rf1 54. Rd7 Rf4+ 55. Kg5 Rxe4 56. Rxd6 Rxc4 57. h5 Rc1 58. h6 c4 59. Rd8+
Kh7 60. Rd7+ Kh8 61. Rc7 c3 62. Kg6 Rg1+ 63. Kf5 Rc1 64. d6 c2 65. Ke6 1-0

[Event "Open A"]
[Site "Groningen NED"]
[Date "2008.12.27"]
[Round "6"]
[White "Levin, F."]
[Black "Nijboer, F."]
[Result "1/2-1/2"]
[WhiteElo "2536"]
[BlackElo "2540"]
[PlyCount "28"]
[EventDate "2008.12.21"]
[SourceDate "1999.07.01"]

1. d4 Nf6 2. c4 g6 3. Nc3 Bg7 4. e4 d6 5. Be2 O-O 6. Nf3 e5 7. Be3 Ng4 8. Bg5
f6 9. Bc1 exd4 10. Nxd4 f5 11. h3 Nh6 12. exf5 Nxf5 13. Nxf5 Bxf5 14. Be3 Nc6
1/2-1/2

[Event "1st Asian Clubs"]
[Site "Al Ain UAE"]
[Date "2008.12.30"]
[Round "6"]
[White "Ghaem Maghami, E."]
[Black "Efimenko, Z."]
[Result "1/2-1/2"]
[WhiteElo "2599"]
[BlackElo "2680"]
[PlyCount "61"]
[EventDate "2008.12.25"]
[SourceDate "1999.07.01"]

1. Nf3 Nf6 2. c4 g6 3. Nc3 Bg7 4. d4 O-O 5. e4 d6 6. Be2 e5 7. O-O Na6 8. Be3
h6 9. dxe5 Ng4 10. Bc1 Nxe5 11. Nd4 Nc5 12. Be3 Nc6 13. Qd2 Re8 14. f3 Nxd4 15.
Bxd4 Bxd4+ 16. Qxd4 Ne6 17. Qd2 Qg5 18. f4 Qc5+ 19. Kh1 Qd4 20. Rad1 Qxd2 21.
Rxd2 Kg7 22. Nd5 c6 23. Nc3 Nc5 24. Bf3 Be6 25. Rxd6 Rad8 26. Rfd1 Rxd6 27.
Rxd6 Bxc4 28. Kg1 a5 29. b3 Be6 30. Kf2 Kf8 31. e5 1/2-1/2

[Event "World Open"]
[Site "Leon ESP"]
[Date "2008.12.27"]
[Round "7"]
[White "Beliavsky, A."]
[Black "Shchekachev, A."]
[Result "1/2-1/2"]
[WhiteElo "2619"]
[BlackElo "2514"]
[PlyCount "64"]
[EventDate "2008.12.26"]
[SourceDate "1999.07.01"]

1. d4 Nf6 2. c4 g6 3. Nc3 Bg7 4. e4 d6 5. Nf3 O-O 6. Be2 e5 7. O-O Nbd7 8. Qc2
Nh5 9. Rd1 Nf4 10. Bf1 c5 11. d5 Nf6 12. Bxf4 exf4 13. e5 Ne8 14. Re1 dxe5 15.
Nxe5 Nd6 16. Qd2 g5 17. Nb5 a6 18. Nxd6 Qxd6 19. Nd3 Bf5 20. Rad1 h6 21. b4 b6
22. bxc5 bxc5 23. Qa5 Bd4 24. Nc1 Rfc8 25. Nb3 Bg7 26. Bd3 Bd7 27. Rb1 Rab8 28.
Nd2 f5 29. Rxb8 Rxb8 30. Nb3 Rc8 31. Qd2 Rb8 32. Qa5 Rc8 1/2-1/2

[Event "ch-AZE"]
[Site "Baku AZE"]
[Date "2009.01.13"]
[Round "1"]
[White "Abbasov, F."]
[Black "Mamedov, Nid"]
[Result "0-1"]
[WhiteElo "2565"]
[BlackElo "2607"]
[PlyCount "116"]
[EventDate "2009.01.13"]
[SourceDate "1999.07.01"]

1. d4 Nf6 2. c4 g6 3. Nc3 Bg7 4. e4 d6 5. Nf3 O-O 6. Be2 e5 7. O-O Nc6 8. d5
Ne7 9. b4 Nh5 10. Re1 f5 11. Ng5 Nf6 12. f3 Kh8 13. b5 Nh5 14. Bf1 Bf6 15. Ne6
Bxe6 16. dxe6 Ng7 17. Bh6 Re8 18. Nd5 Ng8 19. Bxg7+ Bxg7 20. c5 fxe4 21. fxe4
dxc5 22. Qb3 c6 23. Ne3 Qe7 24. bxc6 bxc6 25. Bc4 Nf6 26. Qa4 Qc7 27. Nc2 Rad8
28. Re2 Re7 29. Qa3 Nd5 30. Qxc5 Nf4 31. Rf2 Nxe6 32. Qa3 Nf4 33. Raf1 Red7 34.
Kh1 Qd6 35. Qa5 Nd3 36. Rd2 Qc5 37. Qa6 Qb6 38. Qa3 Nc5 39. Rxd7 Rxd7 40. Qh3
Qd8 41. Qe3 Qe7 42. g3 Qd6 43. h4 h5 44. Rf2 Kh7 45. Kh2 Rb7 46. Rd2 Qe7 47.
Re2 Nd7 48. Bb3 Qc5 49. Qf3 Nf6 50. Kg2 Rd7 51. Ne3 Rd3 52. Bc2 Rc3 53. Qf2 Qd4
54. Nf1 Ng4 55. Qe1 Bh6 56. Qb1 Qc4 57. Qd1 Qf7 58. Bd3 Rc1 0-1

[Event "ch-AZE"]
[Site "Baku AZE"]
[Date "2009.01.19"]
[Round "7"]
[White "Ibrahimov, R."]
[Black "Mamedov, Nid"]
[Result "0-1"]
[WhiteElo "2568"]
[BlackElo "2607"]
[PlyCount "86"]
[EventDate "2009.01.13"]
[SourceDate "1999.07.01"]

1. d4 Nf6 2. c4 g6 3. Nc3 Bg7 4. e4 d6 5. Nf3 O-O 6. Be2 e5 7. Be3 c6 8. d5 Ng4
9. Bg5 f6 10. Bh4 c5 11. O-O h5 12. Ne1 Na6 13. a3 Qe7 14. Nc2 Nh6 15. f3 Nf7
16. Bd3 Bh6 17. Re1 Kg7 18. Ne3 Bg5 19. Bf2 h4 20. Rb1 Nh6 21. b4 f5 22. exf5
gxf5 23. Rb3 Bd7 24. Nf1 b6 25. Bc2 Qf6 26. Nb5 e4 27. Qa1 Qxa1 28. Rxa1 Bf6
29. Rd1 cxb4 30. axb4 exf3 31. gxf3 Bxb5 32. cxb5 Nc7 33. Ne3 f4 34. Nf5+ Nxf5
35. Bxf5 Nxb5 36. Bd7 Nc3 37. Rd2 a5 38. Bxb6 a4 39. Ra3 h3 40. Rd3 Rfb8 41.
Ba5 Rxa5 42. bxa5 Rb1+ 43. Kf2 Bh4# 0-1

[Event "7th Gibtelecom Masters"]
[Site "Caleta ENG"]
[Date "2009.02.01"]
[Round "6"]
[White "Sokolov, Iv NED"]
[Black "Arakhamia, K."]
[Result "1-0"]
[WhiteElo "2657"]
[BlackElo "2500"]
[PlyCount "109"]
[EventDate "2009.01.27"]
[SourceDate "1999.07.01"]

1. d4 Nf6 2. Nf3 g6 3. c4 Bg7 4. Nc3 O-O 5. e4 d6 6. Be2 e5 7. O-O Nc6 8. d5
Ne7 9. b4 Nh5 10. Re1 Kh8 11. Nd2 Nf4 12. Bf1 f5 13. a4 a5 14. bxa5 Rxa5 15.
Nb3 Ra8 16. a5 fxe4 17. Nxe4 Bf5 18. Ra4 h6 19. Rb4 Rb8 20. Ng3 Bd7 21. Bd2 c5
22. dxc6 Bxc6 23. Ne4 Nf5 24. g3 Ne6 25. Bg2 Qc7 26. Rb6 Rbd8 27. Bb4 Rf7 28.
Qg4 Kh7 29. h4 h5 30. Qd1 Kh8 31. Qb1 Bf8 32. Rd1 Be7 33. Bc3 Kh7 34. Qb2 Rdf8
35. c5 Bxe4 36. Bxe4 Nxc5 37. Nxc5 Qxc5 38. Qb4 Qc8 39. Bxb7 Qd7 40. Qb5 Qc7
41. Qc6 Bd8 42. Qxc7 Rxc7 43. Rb3 Rxc3 44. Rxc3 Bxa5 45. Rc8 Rxc8 46. Bxc8 Nd4
47. Kg2 Kg7 48. Bb7 Bb6 49. Bd5 Bc5 50. Rb1 Kf6 51. Rb8 Nf5 52. Rf8+ Ke7 53.
Rf7+ Ke8 54. Rf6 Ne7 55. Be4 1-0

[Event "Arcapita Open"]
[Site "Manama BHN"]
[Date "2009.01.31"]
[Round "7"]
[White "Malakhatko, V."]
[Black "Moradiabadi, E."]
[Result "1/2-1/2"]
[WhiteElo "2610"]
[BlackElo "2505"]
[PlyCount "58"]
[EventDate "2009.01.24"]
[SourceDate "1999.07.01"]

1. d4 Nf6 2. c4 g6 3. Nc3 Bg7 4. e4 d6 5. Nf3 O-O 6. Be2 e5 7. O-O Nc6 8. d5
Ne7 9. b4 Nh5 10. Re1 f5 11. Ng5 Nf6 12. Bf3 c6 13. b5 h6 14. Ne6 Bxe6 15. dxe6
fxe4 16. Nxe4 Nxe4 17. Bxe4 d5 18. cxd5 cxd5 19. Ba3 dxe4 20. Qxd8 Rfxd8 21.
Bxe7 Re8 22. Bc5 Rxe6 23. Be3 a6 24. b6 Bf6 25. g3 Rd8 26. Rac1 Kf7 27. h4 h5
28. Rc7+ Re7 29. Rc4 Ke6 1/2-1/2

[Event "25th Open"]
[Site "Cappelle la Grande FRA"]
[Date "2009.03.01"]
[Round "2"]
[White "Rychagov, A."]
[Black "David, Alb"]
[Result "1/2-1/2"]
[WhiteElo "2515"]
[BlackElo "2602"]
[PlyCount "45"]
[EventDate "2009.02.28"]
[SourceDate "1999.07.01"]

1. d4 Nf6 2. Nf3 g6 3. c4 Bg7 4. Nc3 O-O 5. e4 d6 6. Be2 e5 7. Be3 Nbd7 8. O-O
Re8 9. d5 Nh5 10. g3 Bf8 11. Ne1 Ng7 12. Nd3 f5 13. f3 Be7 14. b4 Bg5 15. Bf2
a5 16. a3 axb4 17. axb4 Rxa1 18. Qxa1 Nf6 19. Qa5 Bd2 20. Nb1 Bh6 21. Nc3 Bd2
22. Nb1 Bh6 23. Nc3 1/2-1/2

[Event "25th Open"]
[Site "Cappelle la Grande FRA"]
[Date "2009.03.03"]
[Round "5"]
[White "Gozzoli, Y."]
[Black "Miroshnichenko, E."]
[Result "0-1"]
[WhiteElo "2503"]
[BlackElo "2667"]
[PlyCount "42"]
[EventDate "2009.02.28"]
[SourceDate "1999.07.01"]

1. d4 Nf6 2. c4 g6 3. Nc3 Bg7 4. e4 O-O 5. Nf3 d6 6. Be2 e5 7. O-O c6 8. Be3
exd4 9. Bxd4 Re8 10. Qc2 Qe7 11. Rfe1 Nbd7 12. Rad1 Nc5 13. Bf1 Bg4 14. b4 Bxf3
15. gxf3 Ne6 16. Be3 Nh5 17. Ne2 Be5 18. Qc1 Qh4 19. Ng3 a5 20. a3 axb4 21.
axb4 Nhf4 0-1

[Event "25th Open"]
[Site "Cappelle la Grande FRA"]
[Date "2009.03.04"]
[Round "6"]
[White "Brodsky, M."]
[Black "Degraeve, JM."]
[Result "0-1"]
[WhiteElo "2518"]
[BlackElo "2553"]
[PlyCount "102"]
[EventDate "2009.02.28"]
[SourceDate "1999.07.01"]

1. d4 Nf6 2. c4 g6 3. Nc3 Bg7 4. e4 d6 5. Be2 O-O 6. Nf3 e5 7. O-O Nc6 8. d5
Ne7 9. b4 Nh5 10. Re1 f5 11. Nd2 Nf6 12. a4 a5 13. bxa5 c5 14. Nb3 f4 15. Ba3
g5 16. h3 Ng6 17. Nxc5 dxc5 18. Bxc5 Qxa5 19. Nb5 Bd7 20. Bxf8 Bxf8 21. d6 Qb6
22. Bg4 Bxb5 23. Qb3 Kh8 24. Qxb5 Qxd6 25. Qxb7 Rb8 26. Qf7 Be7 27. Rab1 Rf8
28. Qe6 Qc7 29. Qb6 Qxc4 30. Qb5 Qd4 31. Rbd1 Qa7 32. Rc1 Rb8 33. Qc4 Ra8 34.
Bf5 Qxa4 35. Qe6 Ra7 36. Bxg6 hxg6 37. Qxe5 Qa5 38. Qe6 Kg7 39. e5 Ng8 40. Red1
Ra6 41. Qc4 Qa2 42. Qe4 Qe6 43. Rc7 Qf5 44. Qd5 Re6 45. Re1 g4 46. hxg4 Qxg4
47. Rc6 f3 48. g3 Rxc6 49. Qxc6 Bc5 50. Qc7+ Kh8 51. e6 Qh3 0-1

[Event "25th Open"]
[Site "Cappelle la Grande FRA"]
[Date "2009.03.06"]
[Round "8"]
[White "Iturrizaga, E."]
[Black "Mamedov, Nid"]
[Result "0-1"]
[WhiteElo "2528"]
[BlackElo "2607"]
[PlyCount "102"]
[EventDate "2009.02.28"]
[SourceDate "1999.07.01"]

1. d4 Nf6 2. Nf3 g6 3. c4 Bg7 4. Nc3 O-O 5. e4 d6 6. Be2 e5 7. O-O Nc6 8. d5
Ne7 9. b4 a5 10. Ba3 b6 11. bxa5 Nh5 12. Re1 f5 13. Bb4 bxa5 14. Ba3 Nf4 15.
Bf1 fxe4 16. Nd2 Nd3 17. Bxd3 exd3 18. Nde4 Nf5 19. Qxd3 h6 20. Rab1 Qd7 21.
Nb5 Ba6 22. Bc1 a4 23. Rb4 c6 24. Nbxd6 Nxd6 25. dxc6 Qf5 26. Qxd6 Rad8 27. c5
Bd3 28. f3 Rxd6 29. cxd6 Qe6 30. Ba3 Qxa2 31. c7 Bxe4 32. d7 Qxa3 33. Rc4 Bb7
34. d8=Q Qb3 35. Qh4 Qb6+ 36. Qf2 Qa6 37. Qc2 a3 38. Rc1 Rc8 39. Qb3 Bd5 40.
Ra4 Bxb3 41. Rxa6 a2 42. Kf2 Kf7 43. Ke3 e4 44. fxe4 a1=Q 45. Raxa1 Bxa1 46.
Rxa1 Rxc7 47. Kf4 Re7 48. h4 Bc2 49. e5 h5 50. Ra6 Rc7 51. e6+ Kf6 0-1

[Event "25th Open"]
[Site "Cappelle la Grande FRA"]
[Date "2009.03.06"]
[Round "8"]
[White "Brodsky, M."]
[Black "Gasanov, E."]
[Result "1/2-1/2"]
[WhiteElo "2518"]
[BlackElo "2553"]
[PlyCount "54"]
[EventDate "2009.02.28"]
[SourceDate "1999.07.01"]

1. d4 Nf6 2. c4 g6 3. Nc3 Bg7 4. e4 d6 5. Nf3 O-O 6. Be2 e5 7. Be3 h6 8. dxe5
Ng4 9. Bd2 Nxe5 10. Be3 Ng4 11. Bd4 Nf6 12. Nd2 Re8 13. O-O Nc6 14. Be3 Ne5 15.
h3 c6 16. Rc1 a6 17. b4 b5 18. cxb5 axb5 19. a4 bxa4 20. Nxa4 Rb8 21. Rb1 Qe7
22. Nc3 Bb7 23. Re1 Ra8 24. Qc2 Ra3 25. Rb3 Raa8 26. Rbb1 Ra3 27. Rb3 Raa8
1/2-1/2

[Event "25th Open"]
[Site "Cappelle la Grande FRA"]
[Date "2009.03.07"]
[Round "9"]
[White "Danielian, O."]
[Black "Miroshnichenko, E."]
[Result "0-1"]
[WhiteElo "2519"]
[BlackElo "2667"]
[PlyCount "64"]
[EventDate "2009.02.28"]
[SourceDate "1999.07.01"]

1. d4 Nf6 2. Nf3 g6 3. c4 Bg7 4. Nc3 O-O 5. e4 d6 6. Be2 e5 7. O-O Nc6 8. d5
Ne7 9. Nd2 c5 10. Rb1 Ne8 11. b4 b6 12. bxc5 bxc5 13. Nb3 f5 14. Bg5 h6 15.
Bxe7 Qxe7 16. Na5 Nf6 17. exf5 gxf5 18. Nc6 Qd7 19. f4 exf4 20. Rxf4 Kh8 21.
Qd3 Ng8 22. Rbf1 Bb7 23. Rxf5 Rxf5 24. Rxf5 Re8 25. Bh5 Re3 26. Qxe3 Qxf5 27.
g4 Qc2 28. Nb5 a6 29. Nxd6 Bxc6 30. dxc6 Bd4 31. Qxd4+ cxd4 32. c7 Ne7 0-1

[Event "35th Georgi Tringov Open"]
[Site "Plovdiv BUL"]
[Date "2013.02.06"]
[Round "5.1"]
[White "Cheparinov, I."]
[Black "Nevednichy, V."]
[Result "1/2-1/2"]
[WhiteElo "2709"]
[BlackElo "2542"]
[PlyCount "66"]
[EventDate "2013.02.03"]
[SourceDate "1999.07.01"]

1. d4 Nf6 2. c4 d6 3. Nf3 g6 4. Nc3 Bg7 5. e4 O-O 6. Be2 e5 7. O-O Nbd7 8. Be3
Re8 9. d5 Ng4 10. Bg5 f6 11. Bd2 a5 12. Ne1 Nh6 13. Nd3 f5 14. f3 Nc5 15. Nf2
f4 16. b3 g5 17. g4 Nf7 18. Rb1 Bd7 19. Qc2 Bf6 20. Be1 Kg7 21. Kg2 Rh8 22. h3
Be7 23. Rh1 Qc8 24. Bd2 h6 25. Rbg1 Rh7 26. Kf1 Nh8 27. Ke1 Ng6 28. Kd1 Qb8 29.
Be1 h5 30. Nd3 Qh8 31. Nf2 Qb8 32. Nd3 Qh8 33. Nf2 Qb8 1/2-1/2

[Event "Moscow Open A 2013"]
[Site "Moscow RUS"]
[Date "2013.02.04"]
[Round "3.3"]
[White "Iljushin, A."]
[Black "Kokarev, Dm"]
[Result "1/2-1/2"]
[WhiteElo "2508"]
[BlackElo "2635"]
[PlyCount "81"]
[EventDate "2013.02.02"]
[SourceDate "1999.07.01"]

1. d4 Nf6 2. c4 g6 3. Nc3 Bg7 4. e4 O-O 5. Nf3 d6 6. Be2 e5 7. O-O Nc6 8. d5
Ne7 9. b4 Nh5 10. Re1 f5 11. Ng5 Nf6 12. Bf3 c6 13. b5 h6 14. Ne6 Bxe6 15. dxe6
fxe4 16. Nxe4 Nxe4 17. Bxe4 d5 18. cxd5 cxd5 19. Ba3 dxe4 20. Qxd8 Rfxd8 21.
Bxe7 Re8 22. Bc5 Rxe6 23. Rxe4 a6 24. bxa6 Rexa6 25. a3 Bf8 26. Bxf8 Kxf8 27.
Rxe5 Rxa3 28. Rxa3 Rxa3 29. Kf1 Rb3 30. h4 h5 31. g3 Kf7 32. Rc5 Kf6 33. Ke2
Rb6 34. Ke3 Rb2 35. f3 Rb3+ 36. Kf4 Rb4+ 37. Ke3 Ke6 38. Rg5 Kf6 39. Rc5 Rb3+
40. Kf4 Rb4+ 41. Ke3 1/2-1/2

[Event "Bundesliga 2012-13"]
[Site "Berlin GER"]
[Date "2013.02.03"]
[Round "8"]
[White "Prusikin, M."]
[Black "Aronian, L."]
[Result "0-1"]
[WhiteElo "2545"]
[BlackElo "2821"]
[PlyCount "60"]
[EventDate "2012.10.20"]
[EventType "team"]
[SourceDate "1999.07.01"]
[WhiteTeam "SC Forchheim"]
[BlackTeam "OSC Baden-Baden"]

1. Nf3 Nf6 2. c4 g6 3. Nc3 Bg7 4. e4 d6 5. d4 O-O 6. Be2 e5 7. dxe5 dxe5 8.
Qxd8 Rxd8 9. Bg5 Na6 10. Nd5 Rd6 11. Nxf6+ Bxf6 12. Bxf6 Rxf6 13. Nxe5 Re6 14.
Ng4 Kg7 15. Ne3 Rxe4 16. O-O-O c6 17. Rd8 Re7 18. h4 Nc7 19. Rhd1 a5 20. b3 Ne6
21. R8d6 Nc5 22. Bf3 Bd7 23. Kb2 f5 24. a3 Be8 25. g3 Bf7 26. b4 Na4+ 27. Kc2
axb4 28. axb4 Nb6 29. c5 Ra2+ 30. Kb1 Rxf2 0-1